| 000 | 01117cam a2200349 4500 | ||
|---|---|---|---|
| 001 | B2586 | ||
| 008 | 090401t1989 xxu||||| |||| 00| 0 eng d | ||
| 035 | _a(Sirsi) u51016 | ||
| 041 | _aeng | ||
| 050 | _a333.0062 | ||
| 090 | _aRICS 1989/74ABCD | ||
| 110 |
_aRoyal Institution of Chartered Surveyors _94900 |
||
| 245 | _aR.I.C.S. conference, 11-14 October `89, Paris: text of papers | ||
| 260 |
_aLondon _bInstitution and College Conferences _c1989 |
||
| 300 | _a131p. ; 30cm. | ||
| 350 | _a10 | ||
| 520 | _aPapers by:- Male,D. ; Owen,R. ; Goetschin,P. ; Bourdais de Charbonniere,E. ; Natori,T. ; Ridley,T. ; Martini,E. ; Leigh-Pemberton- ,R. ; Myers,M. ; Neville-Rolfe,M. Douglas-Mann,K. | ||
| 650 | _aANNUAL CONFERENCE 1989 | ||
| 650 | _aABOUT RICS-RICS MEMBERS | ||
| 650 | _aEUROPE | ||
| 650 | _aFOREIGN INVESTMENT | ||
| 650 | _aINVESTMENT | ||
| 650 | _aJAPAN | ||
| 650 | _aPROPERTY FINANCE | ||
| 650 | _aPROPERTY INVESTMENT | ||
| 650 | _aPROPERTY MARKET | ||
| 650 | _aSINGLE MARKET | ||
| 650 | _aTRANSPORT | ||
| 650 | _aUNITED STATES OF AMERICA | ||
| 942 | _n0 | ||
| 948 | _c04/03/1997 | ||
| 999 |
_c92798 _d92798 |
||